• 首页
  • 本馆介绍
  • 公告通知
  • 最新文献
  • 馆藏检索
  • 电子资源
  • 读者导购
  • 参考咨询
  • 我的图书馆
  • 登录
  • 详细信息显示
  • 放入我的书架
  • 预约/预借图书
  • 作者相关作品
  • 分类相关作品
  • 丛书相关作品
  • 出版社相关作品

书目信息

  • 表格格式
  • 工作单格式
  • 卡片格式
书名: The Cambridge companion to Arthur Miller =
作者: edited by Christopher Bigsby.
分册号:
分册名:
出版地: 上海 :
 
出版社: 上海外语教育出版社
出版时间: 2001.
页数: xix, 277 p. :
开本: 21 cm.
丛书名: Cambridge companions to literature
中图分类号:
科图分类号:
其他分类号: I712.065:H31
主题词:
电子资源:
000 02119nam 2200361 a 4500
001 E0761792671
005 20070521171413.26
008 020322r20011997cc a b 001 0 eng d
010    @a 96037707
020    @a781080216x.
040    @bchi
050 00 @aPS3525.I5156@bZ548 1997
082 00 @a812/.52 @2 21
090    @aI712.065:H31
092    @axf85-020
093    @aI712.073 @2 4
099    @dI712.065:H31@ex400
245 04 @aThe Cambridge companion to Arthur Miller = :@b阿瑟·密勒 / @cedited by Christopher Bigsby.
246 30 @aArthur Miller
246 30 @a阿瑟·密勒
260    @a上海 :@b上海外语教育出版社,@c2001.
300    @axix, 277 p. :@bill. ;@c21 cm.
440  0 @aCambridge companions to literature
440  0 @a剑桥文学指南
504    @a"Arthur Miller: a bibliographic essay": p. 245-266.
504    @aIncludes bibliographical references and index.
505 0  @aThe tradition of social drama: Miller and his forebears / Brenda Murphy -- The early plays / Christopher Bigsby -- All my sons / Steven R. Centola -- Death of a salesman and the poetics of Arthur Miller / Matthew C. Roudan鈋 -- Conscience and community in An enemy of the people and The crucible / Thomas P. Adler -- A view from the bridge / Albert Wertheim -- The Holocaust, the Depression, and McCarthyism: Miller in the sixties / Janet N. Balakian -- Miller's 1970s "power" plays / William W. Demastes -- Miller in the eighties / Jane Schlueter -- Miller in the nineties / Christopher Bigsby -- Arthur Miller and the cinema / R. Barton Palmer -- Arthur Miller's fiction / Malcolm Bradbury -- Critic, criticism, critics / Stephen Barker -- Arthur Miller: a bibliographic essay / Susan Haedicke.
534    @aReprint. Originally published:@cCambridge : Cambridge University Press, 1997.@z052155019X (hbk.) @z0521559928(pbk.)
600 10 @aMiller, Arthur,@d1915-@xHandbooks, manuals, etc.
600 10 @aMiller, Arthur,@d1915-@xCriticism and interpretation.
600 14 @aMiller, Arthur,@d1915-@xCriticism and interpretation.
700 1  @aBigsby, C. W. E.
920    @a232010@z1
    
    The Cambridge companion to Arthur Miller = : : 阿瑟·密勒 / / edited by Christopher Bigsby.-上海 : : 上海外语教育出版社, , 2001.
    xix, 277 p. : : ill. ; ; 21 cm.- (Cambridge companions to literature ).- (剑桥文学指南 )
    "Arthur Miller: a bibliographic essay": p. 245-266.-Includes bibliographical references and index.-The tradition of social drama: Miller and his forebears / Brenda Murphy -- The early plays / Christopher Bigsby -- All my sons / Steven R. Centola -- Death of a salesman and the poetics of Arthur Miller / Matthew C. Roudan鈋 -- Conscience and community in An enemy of the people and The crucible / Thomas P. Adler -- A view from the bridge / Albert Wertheim -- The Holocaust, the Depression, and McCarthyism: Miller in the sixties / Janet N. Balakian -- Miller's 1970s "power" plays / William W. Demastes -- Miller in the eighties / Jane Schlueter -- Miller in the nineties / Christopher Bigsby -- Arthur Miller and the cinema / R. Barton Palmer -- Arthur Miller's fiction / Malcolm Bradbury -- Critic, criticism, critics / Stephen Barker -- Arthur Miller: a bibliographic essay / Susan Haedicke.-Reprint. Originally published:
    
    ISBN 781080216x.
    
●
相关链接 在E读中查询图书 在五车中查询图书 在当当中查询图书 在豆瓣中查询图书


正题名:Cambridge companion to Arthur Miller =     索取号:I712.065:H31/x400         预约/预借

序号 登录号 条形码 馆藏地/架位号 状态 备注
1 0010782   300107827   第二样本阅览室/ [索取号:I712.065:H31/x400] 在馆    
唐山师范学院图书馆 欢迎您!
大连网信软件有限公司© 版权所有